000 00991nam a22002417a 4500
001 79906
003 BD-RjUL
005 20230619144845.0
008 220602s2011 bg a|||| m||| 00| 0 eng d
035 _a(BD-RjUL)79906
040 _aBD-RjUL
_beng
_cBD-RjUL
_dBD-RjUL
041 _aeng
082 _223
_a632.9605492
_bALE 2011
100 _aAlam, Md. Saiful
_93402
245 1 0 _aEffectiveness of nuclear polyhedrosis virus on controlling heliccoverpa armigers as an eco-friendly biopesticide in Bangladesh /
_cBy Md. Saiful Alam ;
_6Supervisor : M. Monzur Hossain
260 _aRajshahi :
_bInstitute of Environmental Science, University of Rajshahi,
_c2011
300 _axx, 118 leaves :
_bill, ;
_c29.cm.
502 _aThesis (Ph. D.) -- Institute of Environmental Science, University of Rajshahi, 2011
504 _aReferences : Leaves 96 - 106
650 _aPlant injuries
_vBiological control
_zBangladesh
_93403
700 _aHossain , M. Monzur, Supervisor
_93124
942 _cTHE
_2ddc
999 _c79906
_d79906